Statistiken für Top 15 der betroffenen Covid-19-Länder - 7. Juli 2021

Klicken Sie hier um das Quiz zu spielen!

Allgemein

  • Dieses Quiz wurde 16 mal gespielt
  • Das Durchschnittsergebnis liegt bei 15 aus 27

Antwortstatistiken

Land% Korrekt
Russland
100%
Vereinigte Staaten
100%
Deutschland
93%
Italien
93%
Spanien
93%
Brasilien
87%
Indien
87%
Mexiko
87%
Vereinigtes Königreich
87%
Frankreich
80%
Schweden
73%
Argentinien
60%
Belgien
60%
Niederlande
60%
Polen
60%
Türkei
60%
Iran
47%
Tschechien
47%
Kolumbien
40%
Slowenien
27%
Israel
20%
Bahrain
13%
Estland
13%
Litauen
13%
Panama
13%
Georgien
7%
Uruguay
7%

Verteilung der Resultate

Perzentil nach korrekt beantworteten Fragen

Anzahl Personen mit jedem Resultat

Ihre Resultats-Entwicklung

Sie haben dieses Quiz noch nicht gespielt